Metodología y técnicas de la investigación jurídica

Guardat en:
Dades bibliogràfiques
Autor principal: Azúa Reyes, Sergio T (Autor)
Format: Llibre
Idioma:espanyol
Publicat: Ciudad de México Porrua 1990
Matèries:
Etiquetes: Afegir etiqueta
Sense etiquetes, Sigues el primer a etiquetar aquest registre!

MARC

LEADER 00000nam a2200000 a 4500
001 UCX9768
003 CL-VaPUC
008 940627e19900000MX |||||||||||||||||spa|d
082 0 4 |a 340  |b AZU  |2 21 
100 0 |a Azúa Reyes, Sergio T  |e author  |9 327237 
245 1 0 |a Metodología y técnicas de la investigación jurídica 
300 |a 121 p 
942 |c BK 
945 |d 19940627 00:00:00  |a aalvarez 
260 |a Ciudad de México  |b Porrua  |c 1990 
650 7 |a DERECHO  |2 CL-VaPUC  |9 327238 
650 0 |a Ciencias sociales  |v Investigación  |9 307767 
583 |a last modification  |c 20161003 01:15:34  |k Rodrigo Vera 
999 |c 228921  |d 228919 
952 |0 0  |1 0  |4 0  |6 340_000000000000000_AZU_1990  |7 0  |8 DER_TF  |9 229418  |a BIBDER  |b BIBDER  |d 2019-11-15  |i 2983702  |l 2  |o 340 AZU 1990  |p 2983702  |r 2023-01-25  |s 2022-01-21  |w 2019-11-15  |x Ubicación 4to Piso  |y BK  |z Estos recursos deben solicitarse con anticipación  |k DER